000 00950nam a2200229 i 4500
003 IT-RoINE
005 20170530105456.0
008 930104s1982 sp cho r |||| |dspa d
040 _aSpMaBN
_cSIC IT-RoINE
_dIT-RoINE
100 1 _924814
_aSchenk Sanchis, Juan Eduardo,
_d1926-2001
245 1 0 _aMadre Josefa :
_bApóstol de la catequesis /
_cpor Juan E. Schenk.
260 _aValencia :
_bEdicep,
_c[1982].
300 _a359 p., [48] p. de lám. :
_bretr., facs., fot. ;
_c21 cm.
336 _2rdacontent
_atext
337 _2rdamedia
_aunmediated
338 _2rdacarrier
_avolume
500 _aEl compl. del tít. es un pretít.
600 0 4 _aJosefa Inès Campos Talamantes,
_cBeata,
_d1872-1950
_xBiografía
_923239
610 2 4 _aOperarias Catequistas de Nuestra Señora de los Dolores
_zEspaña
_zValencia
_xHistoria
_923240
610 2 4 _aOperarias Catequistas de Nuestra Señora de los Dolores
_zEspaña
_zAlacuás
_xHistoria
_923241
942 _cMTS
999 _c11342
_d11342